000 00460nam a2200169Ia 4500
003 OSt
005 20230608164239.0
008 210423s2003 xx 000 0 und d
040 _cAL
082 _a370 MUKT
_223
100 _aMUKHOPADHYAY (Marmar).
_9122976
245 _aTotal quality management in education.
260 _aNew Delhi
_bResponse Books
_c2003
365 _b395
_cINR
906 _aeducation. ; management ; quality ; Total
942 _2ddc
_cBK
999 _c174131
_d174131